[Event "La Pobla de Lillet op-B 28th"]
[Site "La Pobla de Lillet"]
[Date "2018.08.07"]
[Round "7"]
[White "Matons Calafi, Eva M"]
[Black "Camprubi Juanola, Jaume"]
[Result "1/2-1/2"]
[WhiteElo "1736"]
[BlackElo "1587"]
[PlyCount "59"]
[EventDate "2018.08.01"]
[EventType "swiss"]
[EventRounds "9"]
[EventCountry "ESP"]
[SourceTitle "CBM 185 Extra"]
[Source "ChessBase"]
[SourceDate "2018.07.29"]
[SourceVersion "1"]
[SourceVersionDate "2018.07.29"]
[SourceQuality "1"]

1. e4 c5 2. Nf3 g6 3. d3 Bg7 4. g3 Nf6 5. Bg2 0-0 6. 0-0 d5 7. Nbd2 Nc6 8. Re1 e6 9. exd5 exd5 10. Nb3 b6 11. c3 Bf5 12. Bf4 Qd7 13. Ne5 Nxe5 14. Bxe5 Rad8 15. d4 c4 16. Nd2 Rfe8 17. Nf1 Ng4 18. Bxg7 Kxg7 19. h3 Nf6 20. Kh2 Rxe1 21. Qxe1 Re8 22. Qd1 Ne4 23. Qf3 Qb5 24. Ne3 Be6 25. Qe2 Qc6 26. Re1 b5 27. Rd1 Qd7 28. Bxe4 dxe4 29. g4 Qd6+ 30. Kg2 1/2-1/2

[Event "La Pobla de Lillet op-B 28th"]
[Site "La Pobla de Lillet"]
[Date "2018.08.06"]
[Round "6"]
[White "Puente Fernandez, Lucas"]
[Black "Matons Calafi, Eva M"]
[Result "0-1"]
[WhiteElo "1299"]
[BlackElo "1736"]
[PlyCount "42"]
[EventDate "2018.08.01"]
[EventType "swiss"]
[EventRounds "9"]
[EventCountry "ESP"]
[SourceTitle "CBM 185 Extra"]
[Source "ChessBase"]
[SourceDate "2018.07.29"]
[SourceVersion "1"]
[SourceVersionDate "2018.07.29"]
[SourceQuality "1"]

1. d4 Nf6 2. g3 g6 3. Bg2 Bg7 4. e4 d6 5. h3 0-0 6. Ne2 e5 7. Nbc3 Nc6 8. Be3 Rb8 9. 0-0 a6 10. a4 Bd7 11. Qd2 exd4 12. Nxd4 Re8 13. Rfe1 Ne5 14. b3 c5 15. Nde2 Bxh3 16. f4 Bxg2 17. Kxg2 Neg4 18. Kf3 Qd7 19. e5 Qc6+ 20. Nd5 Qxd5+ 21. Qxd5 Nxd5 0-1

[Event "La Pobla de Lillet op-B 28th"]
[Site "La Pobla de Lillet"]
[Date "2018.08.04"]
[Round "4"]
[White "Vidal Moll, Francesc"]
[Black "Matons Calafi, Eva M"]
[Result "0-1"]
[WhiteElo "1516"]
[BlackElo "1736"]
[PlyCount "102"]
[EventDate "2018.08.01"]
[EventType "swiss"]
[EventRounds "9"]
[EventCountry "ESP"]
[SourceTitle "CBM 185 Extra"]
[Source "ChessBase"]
[SourceDate "2018.07.29"]
[SourceVersion "1"]
[SourceVersionDate "2018.07.29"]
[SourceQuality "1"]

1. d4 Nf6 2. e3 g6 3. Bd3 Bg7 4. f4 d5 5. Nf3 c5 6. c3 Nc6 7. Nbd2 0-0 8. 0-0 Nd7 9. Qe1 e6 10. Qg3 Re8 11. b3 Qa5 12. Bb2 cxd4 13. exd4 Nf8 14. Rfe1 Bd7 15. Nf1 Rac8 16. Ne3 Ne7 17. Ne5 Nf5 18. Nxf5 exf5 19. a3 Qb6 20. b4 Re6 21. Re2 Rce8 22. Rae1 Bb5 23. Kf1 f6 24. Bxb5 Qxb5 25. Qd3 Qb6 26. Nf3 Re4 27. g3 Rxe2 28. Rxe2 Rxe2 29. Qxe2 Qe6 30. Qxe6+ Nxe6 31. Ne1 Nc7 32. Kf2 Ne8 33. Nc2 Kf7 34. Ne3 Ke6 35. c4 dxc4 36. Nxc4 Kd5 37. Nd2 Nd6 38. Ke3 Bf8 39. Bc1 Be7 40. Bb2 Bd8 41. Bc3 Nc4+ 42. Nxc4 Kxc4 43. Bd2 Bb6 44. Kf3 Bxd4 45. Bc1 Kb3 46. Ke2 Bb2 47. Bxb2 Kxb2 48. Kd3 b5 49. Kd4 Kxa3 50. Kc3 Ka4 51. h3 h5 0-1

[Event "La Pobla de Lillet op-B 28th"]
[Site "La Pobla de Lillet"]
[Date "2018.08.01"]
[Round "1"]
[White "Matons Calafi, Eva M"]
[Black "Planella Zavala, Ivan"]
[Result "1-0"]
[WhiteElo "1736"]
[BlackElo "1437"]
[PlyCount "91"]
[EventDate "2018.08.01"]
[EventType "swiss"]
[EventRounds "9"]
[EventCountry "ESP"]
[SourceTitle "CBM 185 Extra"]
[Source "ChessBase"]
[SourceDate "2018.07.29"]
[SourceVersion "1"]
[SourceVersionDate "2018.07.29"]
[SourceQuality "1"]

1. Nf3 d5 2. g3 Nf6 3. Bg2 g6 4. d3 Bg7 5. 0-0 0-0 6. Nbd2 Nbd7 7. e4 dxe4 8. dxe4 e5 9. c3 b6 10. Re1 Bb7 11. Qc2 Qe7 12. h4 h6 13. a4 a5 14. Nc4 Rad8 15. b3 Rfe8 16. Nh2 Nc5 17. Ba3 Bf8 18. Nd2 Qe6 19. Bxc5 Bxc5 20. Nc4 Rd7 21. Nf3 Bd6 22. Rad1 Ba6 23. Nxd6 cxd6 24. c4 Rc7 25. Qd2 Rd7 26. Qxh6 Ng4 27. Qg5 Bc8 28. Bh3 Rdd8 29. Nh2 Qf6 30. Bxg4 Qxg5 31. hxg5 Bxg4 32. Nxg4 Kg7 33. Rd5 Re6 34. Red1 Kf8 35. Nxe5 Kg7 36. Nf3 Rd7 37. e5 Kf8 38. Rxd6 Rdxd6 39. Rxd6 Rxd6 40. exd6 Ke8 41. Ne5 Kd8 42. Kg2 Ke8 43. Kf3 Kd8 44. Ke4 Ke8 45. Kd5 Kd8 46. Kc6 1-0

[Event "Tarragona-chA"]
[Site "Tarragona"]
[Date "2017.11.26"]
[Round "9"]
[White "Girona Masdeu, Gabriel"]
[Black "Matons Calafi, Eva M"]
[Result "0-1"]
[WhiteElo "1898"]
[BlackElo "1794"]
[PlyCount "88"]
[EventDate "2017.10.08"]
[EventType "swiss"]
[EventRounds "9"]
[EventCountry "ESP"]
[SourceTitle "EXT 2019"]
[Source "ChessBase"]
[SourceDate "2018.10.10"]
[SourceVersion "1"]
[SourceVersionDate "2018.10.10"]
[SourceQuality "1"]

1. d4 Nf6 2. Bf4 g6 3. Nf3 Bg7 4. h3 d6 5. e3 0-0 6. Be2 c5 7. c3 Qb6 8. Qc1 Nc6 9. 0-0 Bd7 10. Nbd2 Rac8 11. Nc4 Qd8 12. Qd1 b5 13. Ncd2 c4 14. e4 Nh5 15. Bh2 e5 16. d5 Na5 17. Ne1 Nf4 18. Bxf4 exf4 19. Nc2 Nb7 20. Nd4 Nc5 21. Re1 Re8 22. Bf1 Qa5 23. a3 Qb6 24. Qf3 Be5 25. Nc2 a5 26. Rad1 Re7 27. Kh1 Rce8 28. g4 g5 29. Qg2 Kg7 30. Nf3 Bf6 31. Nd2 Rh8 32. f3 h5 33. Qg1 hxg4 34. fxg4 Qc7 35. Nd4 Bxd4 36. Qxd4+ f6 37. Kg1 Qc8 38. Nf3 Kg6 39. Rd2 Nb3 40. Qf2 Nxd2 41. Qxd2 Reh7 42. Qg2 Rxh3 43. Qxh3 Rxh3 44. Bxh3 Bxg4 0-1

[Event "Sants Hostafrancs op-C 18th"]
[Site "Barcelona"]
[Date "2016.08.24"]
[Round "6"]
[White "Matons Calafi, Eva M"]
[Black "Romero Funieles, Rafael de Jesus"]
[Result "1-0"]
[WhiteElo "1775"]
[BlackElo "1722"]
[PlyCount "79"]
[EventDate "2016.08.19"]
[EventType "swiss"]
[EventRounds "10"]
[EventCountry "ESP"]
[SourceTitle "EXT 2019"]
[Source "ChessBase"]
[SourceDate "2018.10.10"]
[SourceVersion "1"]
[SourceVersionDate "2018.10.10"]
[SourceQuality "1"]

1. e4 e6 2. d3 Be7 3. Nf3 d6 4. g3 e5 5. Bg2 h6 6. d4 Bg4 7. dxe5 dxe5 8. Qxd8+ Bxd8 9. Nxe5 Be6 10. 0-0 c6 11. Nd2 Nf6 12. Ndc4 0-0 13. f4 Bc7 14. Be3 b5 15. Nd2 Nfd7 16. Nxd7 Bxd7 17. e5 Be6 18. Rad1 Bg4 19. Nf3 Na6 20. a3 b4 21. a4 c5 22. b3 Rad8 23. Rd2 Rxd2 24. Nxd2 Bb6 25. Nc4 Be2 26. Rf2 Bxc4 27. bxc4 Rb8 28. Rd2 b3 29. cxb3 Bc7 30. Rb2 Ba5 31. Bc6 Nb4 32. Bb5 a6 33. Bd7 Nd3 34. Rb1 Bb4 35. Bf5 Ne1 36. Be4 Rd8 37. Bf2 Rb8 38. Bxe1 Bxe1 39. Rxe1 Rxb3 40. Rb1 1-0

[Event "Sants Hostafrancs op-C 18th"]
[Site "Barcelona"]
[Date "2016.08.23"]
[Round "5"]
[White "Baroukh, Leon"]
[Black "Matons Calafi, Eva M"]
[Result "0-1"]
[WhiteElo "1720"]
[BlackElo "1775"]
[PlyCount "64"]
[EventDate "2016.08.19"]
[EventType "swiss"]
[EventRounds "10"]
[EventCountry "ESP"]
[SourceTitle "EXT 2019"]
[Source "ChessBase"]
[SourceDate "2018.10.10"]
[SourceVersion "1"]
[SourceVersionDate "2018.10.10"]
[SourceQuality "1"]

1. d4 Nf6 2. c4 g6 3. Nc3 Bg7 4. e4 d6 5. Nf3 0-0 6. Be2 e5 7. dxe5 dxe5 8. Qxd8 Rxd8 9. Nxe5 Nxe4 10. Nxf7 Bxc3+ 11. bxc3 Kxf7 12. Bb2 Be6 13. f3 Nc5 14. Ba3 Nd3+ 15. Kf1 Bxc4 16. g3 Ne5 17. Re1 Bxe2+ 18. Rxe2 Rd1+ 19. Kg2 Rxh1 20. Kxh1 Nbc6 21. f4 Nc4 22. Bc5 Re8 23. Rc2 Re1+ 24. Kg2 Ne3+ 25. Bxe3 Rxe3 26. Kf2 Rd3 27. Ke2 Rd6 28. Kf3 Na5 29. c4 c5 30. h4 Rd4 31. Kg4 Nxc4 32. Kg5 Rd5+ 0-1

[Event "Sants Hostafrancs op-C 18th"]
[Site "Barcelona"]
[Date "2016.08.19"]
[Round "1"]
[White "Zheng, Hong Wei"]
[Black "Matons Calafi, Eva M"]
[Result "0-1"]
[WhiteElo "1538"]
[BlackElo "1775"]
[PlyCount "58"]
[EventDate "2016.08.19"]
[EventType "swiss"]
[EventRounds "10"]
[EventCountry "ESP"]
[SourceTitle "EXT 2019"]
[Source "ChessBase"]
[SourceDate "2018.10.10"]
[SourceVersion "1"]
[SourceVersionDate "2018.10.10"]
[SourceQuality "1"]

1. e4 e6 2. Qe2 c5 3. Nf3 Nc6 4. c3 d5 5. d3 Nge7 6. Nbd2 g6 7. Nb3 b6 8. Bf4 Bg7 9. g3 e5 10. Bd2 d4 11. c4 0-0 12. Bg2 f5 13. Bg5 Qc7 14. Bxe7 Qxe7 15. exf5 Bxf5 16. Nfxd4 Nxd4 17. Nxd4 cxd4 18. Bxa8 Rxa8 19. 0-0 Qc7 20. Rfc1 h5 21. b4 Rf8 22. f3 Bh3 23. Qe4 Qf7 24. Rab1 Qxf3 25. Qxf3 Rxf3 26. Rb3 Bh6 27. Rd1 Be3+ 28. Kh1 Rf2 29. Rg1 Bg2+ 0-1

[Event "Santa Coloma op rapid 9th"]
[Site "Santa Coloma"]
[Date "2016.06.05"]
[Round "1"]
[White "Matons Calafi, Eva M"]
[Black "Peralta, Fernando"]
[Result "0-1"]
[WhiteElo "1801"]
[BlackElo "2588"]
[PlyCount "52"]
[EventDate "2016.06.05"]
[EventType "swiss (rapid)"]
[EventRounds "8"]
[EventCountry "ESP"]
[SourceTitle "CBM 172 Extra"]
[Source "ChessBase"]
[SourceDate "2016.06.21"]
[SourceVersion "1"]
[SourceVersionDate "2016.06.21"]
[SourceQuality "1"]

1. e4 d6 2. Nf3 Nf6 3. d3 g6 4. g3 Bg7 5. Bg2 0-0 6. 0-0 c5 7. Nbd2 Nc6 8. c3 Nd7 9. Re1 Rb8 10. Nf1 b5 11. d4 b4 12. Bf4 bxc3 13. bxc3 Qa5 14. e5 cxd4 15. exd6 e5 16. Bg5 f6 17. Bc1 Qxc3 18. Bd2 Qa3 19. Qc2 Qxd6 20. a3 Nb6 21. Nh4 Bd7 22. Rac1 Rfc8 23. h3 Ne7 24. Qa2+ Be6 25. Qa1 Ned5 26. Nh2 Nc4 0-1

[Event "Vilafranca del Penedes op 6th"]
[Site "Vilafranca del Penedes"]
[Date "2012.06.01"]
[Round "8"]
[White "Matons Calafi, Eva M"]
[Black "Garcia Lopez, Josep Luis"]
[Result "0-1"]
[WhiteElo "1835"]
[BlackElo "1787"]
[PlyCount "124"]
[EventDate "2012.04.13"]
[EventType "swiss"]
[EventRounds "8"]
[EventCountry "ESP"]
[SourceTitle "CBM 148 Extra"]
[Source "ChessBase"]
[SourceDate "2012.06.22"]
[SourceVersion "1"]
[SourceVersionDate "2012.06.22"]
[SourceQuality "1"]

1. e4 e5 2. Nf3 Nf6 3. Nxe5 d6 4. Nf3 Nxe4 5. d3 Nf6 6. Nc3 d5 7. Be2 Be7 8. d4 0-0 9. 0-0 Bf5 10. Bf4 Ne4 11. Nxe4 dxe4 12. Ne5 Nd7 13. f3 Nxe5 14. dxe5 c6 15. Qxd8 Rfxd8 16. Rfd1 exf3 17. Bxf3 Bxc2 18. Re1 Bb4 19. Rec1 Bf5 20. Rd1 Be6 21. b3 Bf5 22. Be3 Bc3 23. Rxd8+ Rxd8 24. Rd1 Rxd1+ 25. Bxd1 a6 26. Bf4 Bb1 27. a4 Bf5 28. g4 Be6 29. Kf2 Bd4+ 30. Kf3 Kf8 31. Ke4 Bb6 32. h4 h6 33. Be3 Bd5+ 34. Kd3 Bd8 35. h5 Bc7 36. Kd4 Ke7 37. g5 Bb6+ 38. Kd3 Bxe3 39. Kxe3 hxg5 40. b4 Ke6 41. Kd4 b6 42. Bg4+ Ke7 43. Be2 a5 44. bxa5 bxa5 45. Kc5 Bb3 46. Kxc6 Bxa4+ 47. Kb6 Bb3 48. Kxa5 Ke6 49. Kb4 Ba2 50. Kc3 Kxe5 51. Kd2 Kf4 52. Ke1 g4 53. Kf2 Bd5 54. Bd1 f5 55. Bc2 Bf7 56. Bd3 Bxh5 57. Kg2 Bf7 58. Kf2 Bd5 59. Be2 g3+ 60. Kg1 Ke3 61. Ba6 f4 62. Bc8 f3 0-1

[Event "Vilafranca del Penedes op 2nd"]
[Site "Vilafranca del Penedes"]
[Date "2008.05.16"]
[Round "5.10"]
[White "Matons Calafi, Eva M"]
[Black "Torres Martinez, Jordi"]
[Result "1/2-1/2"]
[WhiteElo "1997"]
[BlackElo "1749"]
[PlyCount "77"]
[EventDate "2008.04.11"]
[EventType "swiss"]
[EventRounds "8"]
[EventCountry "ESP"]
[SourceTitle "EXT 2024"]
[Source "ChessBase"]
[SourceDate "2023.10.10"]
[SourceVersion "1"]
[SourceVersionDate "2023.10.10"]
[SourceQuality "1"]

1. c4 e5 2. Nc3 Nf6 3. g3 c6 4. Bg2 d5 5. Qb3 dxc4 6. Qxc4 Be6 7. Qa4 Be7 8. e3 Nbd7 9. Nge2 Nc5 10. Qc2 Nd3+ 11. Kf1 Ng4 12. f4 Ngf2 13. Rg1 Qd7 14. fxe5 Ng4 15. Be4 Ngxe5 16. Nf4 Bh3+ 17. Nxh3 Qxh3+ 18. Rg2 Rd8 19. Ne2 0-0 20. Nf4 Nxf4 21. gxf4 Ng4 22. Bxh7+ Kh8 23. Be4 f5 24. Bd3 Nxh2+ 25. Kg1 Nf3+ 26. Kf1 Ne1 27. Bxf5 Qh1+ 28. Rg1 Qxg1+ 29. Kxg1 Nxc2 30. Bxc2 Rd7 31. Kf2 Rf6 32. b3 Rh6 33. Kg2 Bf6 34. Rb1 c5 35. Ba3 b6 36. d3 Re7 37. e4 Bd4 38. Rf1 Rg6+ 39. Kh2 1/2-1/2

[Event "Tarragona-ch"]
[Site "Tarragona"]
[Date "2003.??.??"]
[Round "5"]
[White "Duran Vallverdu, Juan"]
[Black "Matons Calafi, Eva M"]
[Result "1-0"]
[WhiteElo "2160"]
[BlackElo "1960"]
[PlyCount "33"]
[EventDate "2003.??.??"]
[EventType "swiss"]
[EventRounds "9"]
[EventCountry "ESP"]
[SourceTitle "EXT 2007"]
[Source "ChessBase"]
[SourceDate "2006.11.23"]
[SourceVersion "1"]
[SourceVersionDate "2006.11.23"]
[SourceQuality "1"]

1. e4 c6 2. d4 d5 3. Nc3 dxe4 4. Nxe4 Nd7 5. Qe2 Ndf6 6. Nxf6+ Nxf6 7. c3 e6 8. Nf3 Qc7 9. Ne5 Bd6 10. f4 b6 11. g3 Bb7 12. Bg2 0-0 13. 0-0 c5 14. g4 cxd4 15. cxd4 Rac8 16. g5 Qc2 17. Qxc2 1-0

[Event "Tarragona-ch"]
[Site "Tarragona"]
[Date "2003.??.??"]
[Round "9"]
[White "Matons Calafi, Eva M"]
[Black "Salvat Duch, Carlos Enric"]
[Result "0-1"]
[WhiteElo "1960"]
[BlackElo "1990"]
[PlyCount "52"]
[EventDate "2003.??.??"]
[EventType "swiss"]
[EventRounds "9"]
[EventCountry "ESP"]
[SourceTitle "EXT 2007"]
[Source "ChessBase"]
[SourceDate "2006.11.23"]
[SourceVersion "1"]
[SourceVersionDate "2006.11.23"]
[SourceQuality "1"]

1. Nf3 d5 2. g3 c5 3. Bg2 Nc6 4. 0-0 e5 5. d3 Nf6 6. Nbd2 Bd6 7. e4 d4 8. Nc4 b5 9. Nxd6+ Qxd6 10. Nh4 0-0 11. f4 Bg4 12. Qe1 Rac8 13. f5 Nb4 14. Qd2 c4 15. a3 Na6 16. h3 Bh5 17. g4 Bxg4 18. hxg4 Nxg4 19. Qg5 Nf6 20. Nf3 Nc5 21. Qg3 Rfe8 22. Bh6 Nh5 23. Qg4 Qxh6 24. Rf2 Nxd3 25. Nxe5 Rxe5 26. f6 Rf8 0-1